书目信息 |
| 题名: |
Patran和Nastran有限元分析专业教程
|
|
| 作者: | 马爱军 , 周传月 , 王旭 编著 | |
| 分册: | ||
| 出版信息: | 北京 清华大学出版社 2005.01 |
|
| 页数: | 316页 | |
| 开本: | 23cm | |
| 丛书名: | 黑魔方丛书 | |
| 单 册: | ||
| 中图分类: | O241.82-39 | |
| 科图分类: | ||
| 主题词: | 有限元分析--you xian yuan fen xi--计算机辅助分析--应用软件--Nastran--教材 | |
| 电子资源: | ||
| ISBN: | 7-302-09908-1 | |
| 000 | 01270nam 2200289 450 | |
| 001 | 012006207631 | |
| 005 | 20061114161733.79 | |
| 010 | @a7-302-09908-1@dCNY36.00 (含光盘) | |
| 100 | @a20060730d2005 km y0chiy0120 ea | |
| 101 | 0 | @achi |
| 102 | @aCN@b110000 | |
| 105 | @aa z 000yy | |
| 200 | 1 | @aPatran和Nastran有限元分析专业教程@APatran he Nastran you xian yuan fen xi zhuan ye jiao cheng@f马爱军, 周传月, 王旭编著@Fma ai jun,zhou chuan yue,wang xu bian zhu |
| 210 | @a北京@c清华大学出版社@d2005.01 | |
| 215 | @a316页@c图@d23cm@e光盘1片 | |
| 225 | 2 | @a黑魔方丛书@Ahei mo fang cong shu@i专业教程系列 |
| 307 | @a光盘 ISBN : 7-89494-595-1 | |
| 330 | @a本书介绍了MSC.Patran和MSC.Nastran软件的功能和特点;有限元建模和分析的基本过程;与CAD软件的接口;线性静力分析过程;动力学分析过程;非线性分析过程;热分析过程;优化设计分析过程;线性与非线性屈曲分析过程;线性循环对称分析过程;超单元分析过程等。 | |
| 410 | 0 | @12001 @a黑魔方丛书 |
| 410 | 0 | @12001 @a专业教程系列 |
| 606 | 0 | @a有限元分析@Ayou xian yuan fen xi@x计算机辅助分析@x应用软件@xNastran@j教材 |
| 690 | @aO241.82-39@v4 | |
| 701 | 0 | @a马爱军@Ama ai jun@4编著 |
| 701 | 0 | @a周传月@Azhou chuan yue@4编著 |
| 701 | 0 | @a王旭@Awang xu@4编著 |
| 801 | 0 | @aCN@c20061114 |
| 905 | @a10447@dO241.82-39@eM013 | |
| Patran和Nastran有限元分析专业教程/马爱军, 周传月, 王旭编著.-北京:清华大学出版社,2005.01 |
| 316页:图;23cm+光盘1片.-(黑魔方丛书.专业教程系列) |
| ISBN 7-302-09908-1:CNY36.00 (含光盘) |
| 本书介绍了MSC.Patran和MSC.Nastran软件的功能和特点;有限元建模和分析的基本过程;与CAD软件的接口;线性静力分析过程;动力学分析过程;非线性分析过程;热分析过程;优化设计分析过程;线性与非线性屈曲分析过程;线性循环对称分析过程;超单元分析过程等。 |
| ● |
| 相关链接 |
|
|
|
正题名:Patran和Nastran有限元分析专业教程
索取号:O241.82-39/M013
 
预约/预借
| 序号 | 登录号 | 条形码 | 馆藏地/架位号 | 状态 | 备注 |
| 1 | 599205 | 205992050 | 自科库401/401自科库 80排2列1层/ [索取号:O241.82-39/M013] | 在馆 | |
| 2 | 599206 | 205992069 | 自科库401/401自科库 80排2列1层/ [索取号:O241.82-39/M013] | 在馆 | |
| 3 | 599207 | 205992078 | 自科库401/401自科库 80排2列1层/ [索取号:O241.82-39/M013] | 在馆 | |
| 4 | 638194 | 206381949 | 自科库401/401自科库 80排2列1层/ [索取号:O241.82-39/M013] | 在馆 |